| 000 | 01159cab a2200301 4500 | ||
|---|---|---|---|
| 001 | ABS59114 | ||
| 008 | 090401t1998 xxu||||| |||| 00| 0 eng d | ||
| 035 | _a(Sirsi) u87748 | ||
| 041 | _aeng | ||
| 100 | _aLovibond, D. | ||
| 245 | _aWhy archaeologists fear the humble plough | ||
| 260 | _c1998 | ||
| 350 | _a0 | ||
| 490 |
_aFarmers' Weekly _v129(3) 17 July 1998, 83-84(2) |
||
| 520 | _aDiscusses English Heritage`s Monunment Protection Programme (MPP) in the context of damage that is caused to scheduled monuments by permitted ploughing. Reviews the use of formal management agreements whereby farmers undertake to farm in non-damaging ways and looks at the experience of theNorfolk Management Project in negotiating informal management statements. | ||
| 650 | _aCOUNTRYSIDE STEWARDSHIP SCHEME | ||
| 650 | _aENGLISH HERITAGE | ||
| 650 | _aENVIRONMENTALLY SENSITIVE AREA SCHEME | ||
| 650 | _aFARMERS | ||
| 650 | _aMANAGEMENT AGREEMENTS | ||
| 650 | _aMONUMENT PROTECTION PROGRAMME | ||
| 650 | _aPASTURE LAND | ||
| 650 | _aPLOUGHING | ||
| 650 | _aSCHEDULED MONUMENTS | ||
| 690 | _aRURAL PRACTICE | ||
| 942 | _n0 | ||
| 948 | _c31/07/1998 | ||
| 999 |
_c55367 _d55367 |
||